Divine revelation and scriptural exposition on believers' holiness in clothing and adornment / (Record no. 33622)

MARC details
000 -LEADER
fixed length control field 00819nam a22002417a 4500
008 - FIXED-LENGTH DATA ELEMENTS--GENERAL INFORMATION
fixed length control field 251027b |||||||| |||| 00| 0 eng d
017 ## - LEGAL DEPOSIT NUMBER
Legal deposit number LD.340
018 ## - LEGAL DEPOSIT YEAR
LDD Year 2025
020 ## - INTERNATIONAL STANDARD BOOK NUMBER
ISBN 9789785341622
040 ## - CATALOGING SOURCE
Original cataloging agency NLN
Language of cataloging English
Description conventions AACR2
100 ## - MAIN ENTRY--AUTHOR
Author RIKA, Paul
Relator term aut
245 ## - TITLE STATEMENT
Title Divine revelation and scriptural exposition on believers' holiness in clothing and adornment /
Statement of responsibility, etc Paul Rika
260 ## - PUBLICATION, DISTRIBUTION, ETC. (IMPRINT)
Place of publication Kwali, Abuja (Behind Federal Government College) :
Name of publisher Holiness Revival Movement Worldwide (HOREMOW),
Date of publication 2011
300 ## - COLLATION
Pagination xvii, 236p. ;
Other physical details 20cm.
563 ## - BINDING INFORMATION
Binding note (pbk.)
650 ## - TRACINGS
Main Subject Modesty
Subdivision (1st) Religious aspects
Subdivision (2nd) Christianity
650 ## - TRACINGS
Main Subject Women
Subdivision (1st) Religious life
650 ## - TRACINGS
Main Subject Holiness
Subdivision (1st) Christianity
942 ## - ADDED ENTRY ELEMENTS (KOHA)
Item type Books
Suppress in OPAC No
050 ## - LIBRARY OF CONGRESS CALL NUMBER
Classification number BV4647.M63
Item number R572
082 ## - DEWEY DECIMAL CLASSIFICATION NUMBER
Classification number 241.4
Holdings
Source of classification or shelving scheme Not for loan Home library Current library Date acquired Mode of acquisition Accession No. Full call number Barcode. Copy number Koha item type
Library of Congress Classification   OSOGBO BRANCH National Library of Nigeria 27/10/2025 Legal deposit 221494 BV4647.M63 R572 221494 1 Books
Library of Congress Classification   OWERRI BRANCH National Library of Nigeria 27/10/2025 Legal deposit 221495 BV4647.M63 R572 221495 1 Books

National Library of Nigeria OPAC is powered by Koha